Statistics for Country Size Chain

Click here to take the quiz!

General Stats

  • This quiz has been taken 16 times
  • The average score is 24 of 38

Answer Stats

HintAnswer% Correct
3,287,956Brazil
94%
3,855,100Canada
94%
440,831Colombia
94%
83,000Guyana
94%
758,449Mexico
94%
496,225Peru
94%
63,251Suriname
94%
353,841Venezuela
94%
8,124El Salvador
88%
3,717,813USA
88%
42,042Guatemala
81%
252,071Afghanistan
69%
3,705,000China
69%
1,269,000India
69%
307,374Pakistan
69%
6,602,000Russia
69%
35,917Hungary
63%
92,046Romania
63%
6,601,670Russia
63%
188,456Turkmenistan
63%
233,090Ukraine
63%
77,182Kyrgyzstan
56%
55,251Tajikistan
56%
172,742Uzbekistan
56%
919,600Algeria
50%
495,800Chad
50%
679,400Libya
50%
478,800Mali
50%
489,200Niger
50%
34,170Serbia
50%
19,772Bosnia & Herzegovina
44%
21,851Croatia
44%
4,203Kosovo
44%
5,333Montenegro
44%
94,926Guinea
31%
124,503Ivory Coast
31%
43,000Liberia
31%
27,699Sierra Leone
31%

Score Distribution

Percentile by Number Answered

Percent of People with Each Score

Your Score History

You have not taken this quiz